What Are They? Quiz Stats

 Plays Quiz Updated Jun 13, 2016

Also try: Sets of Three VII
Challenge
Share
Tweet
Embed
Score 0/50 Timer 06:00
6 Plays Today
% Correct
Continents
93.6%
Watches
93.4%
Fingers
93.4%
Flintstones
93.3%
Shakespeare
93.3%
Cards
92.7%
Monopoly
92.5%
Holy books
91.3%
Game shows
91.2%
Hobbits
90.2%
Chevrolet
89.7%
Birthstones
88.7%
Punctuation
88.4%
Baldwins
88.2%
Conjunctions
88%
Hershey's
87.5%
Networks
87.3%
Primes
86.5%
Starbucks
86.4%
World Cup champs
85.9%
Houses
85.7%
Superheroes
85.6%
Jacksons
84.6%
Pies
84.4%
Seinfeld
83.9%
% Correct
Ladies
82%
Addams
82%
Space stations
81.7%
Pants
81.6%
Moustaches
80.7%
Saints
80%
Bonds
79.7%
Six
78.5%
Sandwiches
75.9%
Sporcle
74.5%
NASCAR tracks
74.5%
Futurama
69.8%
Tarot suits
65.2%
NBA Centers
64.4%
Grandmasters
61.8%
Monty Python
59.7%
Tires
58.7%
Ghostbusters
57.8%
Apples
57%
Tables
56.5%
Pac-12
55.8%
Detectives
54.7%
Boats
52.5%
Directors
49.8%
Palindromes
48.6%

You're not logged in!

Compare scores with friends on all Sporcle quizzes.
OR
Log In

You Might Also Like...

Show Comments

Extras

Top Quizzes Today


Score Distribution

Your Account Isn't Verified!

In order to create a playlist on Sporcle, you need to verify the email address you used during registration. Go to your Sporcle Settings to finish the process.

Report this User

Report this user for behavior that violates our Community Guidelines.

Details: